| 000 | 01058nam a2200289 i 4500 | ||
|---|---|---|---|
| 001 | 69499 | ||
| 003 | Mx-PuUPA | ||
| 005 | 20220517103659.0 | ||
| 008 | 220513s2019 -ukad||fr|||| 00| 0 eng d | ||
| 020 | _a9780128112168 | ||
| 040 |
_aMx-PuUPA _bspa _cMx-PuUPA _dMx-PuUPA _erda |
||
| 041 | 0 | _aeng | |
| 100 | 1 |
_912562 _aFávero, Luiz Paulo, _eautor |
|
| 245 | 1 |
_aData science for business and decisions making / _cLuiz Paulo Fávero, Patrícia Belfiore |
|
| 264 |
_aUnited Kingdom : _bElsevier Inc., _c©2019 |
||
| 300 |
_axvi, 1227 páginas : _bilustraciones, gráficas, tablas ; _c28 cm |
||
| 336 |
_2rdacontent _atexto _btxt |
||
| 337 |
_2rdamedia _asin medio _bn |
||
| 338 |
_2rdacarrier _avolumen _bnc |
||
| 650 | 7 |
_2armarc _aEstadística comerciales |
|
| 650 | 7 |
_2armarc _aToma de decisiones _xMétodos estadísticos |
|
| 700 | 1 |
_aBelfiore, Patrícia, _eautor |
|
| 942 |
_2ddc _cLI _h650.0151 _iF272 |
||
| 999 |
_c69499 _d69499 |
||